MARC
| LEADER | 00000nam a22000007a 4500 | ||
|---|---|---|---|
| 008 | 201204b ||||| |||| 00| 0 eng d | ||
| 020 | |a 978-1-4462-8750-7 | ||
| 100 | |a HAMMERSLEY, Martyn | ||
| 245 | |a The limits of social science:causal explanation and value relevance |b causal explanation and value relevance |c Martyn HAMMERSLEY | ||
| 260 | |b SAGE |c 2014 |h Los Angeles |i 692070, 692071 |l H61.H17 |m Social sciences - Philosophy | ||
| 942 | |a lcc |c BK |e Mr ogunleye |f 4/12/2020 | ||
| 999 | |c 11 |d 11 | ||